000 00443nam a2200193Ia 4500
005 20250603144618.0
008 250603s9999 xx 000 0 und d
020 _a0-321-50012-1
050 _aHF 5691. M465/
100 _aCharles D.Miller
245 0 _aBusiness Mathematics
250 _a11th ed.
260 _aBoston
260 _bPearson Education Limited
260 _c2009
300 _a694 p
650 _aBoston
942 _cBK
999 _c39437
_d39437